00896 2200313 4500001002100000005001500021035002000036007000300056008004100059040001700100100001900117245011700136250001000253300002800263020002200291041000800313082001000321084001600331090002500347260003700372600001600409650002100425700002600446850001000472990002500482990002500507990002500532990002500557INLIS00000000000227620260603084717 a0010-0220000127ta260603 0  aSBPUPADbind0 aYusuf Qardhawi1 aDemi Masa :bMendedah Komitmen dan Kiat Manajemen Waktu Menurut Islam /cYusuf Qardhawi, Penyunting:Abdul Kholiq acet.1 axii, 155 hlm ;c18,5 cm a978-979-1149-35-8 aind a297.5 a297.5 YUS d a297.5 YUS d L 2 R 20 aYogyakarta :bQudsi Media,c2018 4aAgama Islam 4apendidikan islam aPenerjemah, Abu Ulya aPUPAD a31.588/APBD/DPK/2019 a31.858/APBD/DPK/2019 a31.587/APBD/DPK/2019 a31.586/APBD/DPK/2019